000 00287nam a2200121Ia 4500
008 220216s9999 xx 000 0 und d
100 _aViswanathapillai P
245 0 _aFoam methakalude nirmanam
260 _bRubber
_c2007
300 _a13-14.
700 _aSasidharan K K
942 _cML
999 _c72812
_d72812